000 00737nam a2200253 a 4500
001 000044496
003 DO-SdBNP
005 20180323145358.0
007 000044496
008 140703s2010 dr a 000 0 spa d
020 _a9789945002607
040 _aBPMET
_bspa
_cBPMET
092 _axxxx
_bxxxx
100 1 _aPhipps, Miguel
245 1 3 _aEl fucú del cuco /
_cMiguel Phipps ; diseño e ilustración Ohanda Coste.
260 _aSanto Domingo :
_bCorripio,
_c2010.
300 _a20 p. :
_bil. ;
_c28 cm.
490 1 _aInfantil, Venecia y David
_v5
700 1 2 _aCoste, Ohanda
_eil.
830 0 _aInfantil ;
_v5
942 _2ddc
_cBK
945 _aRemanejado para la BNPHU / 2018 VM
956 _aVMATEO
_b10
_c20140703
_lBPMSU
_h0069
999 _c7373
_d7373